书目信息 |
| 题名: |
大气污染控制工程
|
|
| 作者: | 吴忠标 主编 | |
| 分册: | ||
| 出版信息: | 北京 科学出版社 2002.07 |
|
| 页数: | 506页 | |
| 开本: | 24cm | |
| 丛书名: | ||
| 单 册: | ||
| 中图分类: | X51-43 | |
| 科图分类: | ||
| 主题词: | 空气 , 空气污染 , 空气污染--污染防治 | |
| 电子资源: | ||
| ISBN: | 7-03-010163-4 | |
| 000 | 00606nam0 2200217 45 | |
| 001 | 0354508370 | |
| 005 | 2003030915082811 | |
| 010 | @a7-03-010163-4@dRMB 40.00 | |
| 100 | @a20030309d2002 km y0chiy0120 ea | |
| 101 | 0 | @achi |
| 102 | @aCN@b110000 | |
| 200 | 1 | @a大气污染控制工程@Ada qi wu ran kong zhi gong cheng@f吴忠标主编@Fwu zhong biao zhu bian |
| 210 | @a北京@c科学出版社@d2002.07 | |
| 215 | @a506页@d24cm | |
| 606 | 0 | @a空气 |
| 606 | 0 | @a空气污染 |
| 606 | 0 | @a空气污染@x污染防治 |
| 690 | @aX51-43@v3 | |
| 701 | 0 | @a吴忠标@Awu zhong biao@4主编 |
| 801 | 0 | @aCN@bPFT@c20030309 |
| 905 | @dX51-43@eW920 | |
| 大气污染控制工程/吴忠标主编.-北京:科学出版社,2002.07 |
| 506页;24cm |
| ISBN 7-03-010163-4:RMB 40.00 |
| ● |
| 相关链接 |
|
|
|
正题名:大气污染控制工程
索取号:X51-43/W920
 
预约/预借
| 序号 | 登录号 | 条形码 | 馆藏地/架位号 | 状态 | 备注 |
| 1 | 365094 | 203650940 | 期刊室512/501自科库 68排7列2层/ [索取号:X51-43/W920] | 在馆 | |
| 2 | 365095 | 203650959 | 自科库501/501自科库 68排7列2层/ [索取号:X51-43/W920] | 在馆 | |
| 3 | 369029 | 203690292 | 期刊室512/501自科库 68排7列2层/ [索取号:X51-43/W920] | 在馆 | |
| 4 | 369030 | 203690309 | 期刊室512/501自科库 68排7列2层/ [索取号:X51-43/W920] | 在馆 | |
| 5 | 369031 | 203690318 | 自科库501/501自科库 68排7列2层/ [索取号:X51-43/W920] | 在馆 |